| 000 | 01258naa a2200349 c 4500 | ||
|---|---|---|---|
| 001 | 38504 | ||
| 003 | ES-MaCES | ||
| 005 | 20150925135658.0 | ||
| 008 | 080514n2007 xxu t 000 | eng d | ||
| 035 | _aCES20080002282v | ||
| 040 |
_aES-MaCES _bspa _cES-MaCES |
||
| 100 | 1 |
_aMartin, Nathan D. _917681 |
|
| 245 | 1 | 0 |
_aWorkers of the less developed world unite? _b: a multilevel analysis of unionization in less developed countries. _cNathan D.Martin, David Brandy |
| 500 | _aResumen | ||
| 504 | _aBibliografía: p. 581-584 | ||
| 650 | 4 |
_acomparación _928892 |
|
| 650 | 4 |
_aestudio de casos _928846 |
|
| 650 | 4 |
_acambio social _927286 |
|
| 650 | 4 |
_apaís en desarrollo _927092 |
|
| 650 | 4 |
_aconducta organizacional _930098 |
|
| 650 | 4 |
_asindicato internacional _929457 |
|
| 650 | 4 |
_anegociación colectiva _928362 |
|
| 650 | 4 |
_asindicalismo _929453 |
|
| 650 | 4 |
_atrabajador _928414 |
|
| 653 | 1 | 0 | _aRelaciones laborales-Empleo |
| 650 | 4 |
_928369 _arelaciones laborales |
|
| 700 | 1 |
_aBrady, David _98248 |
|
| 773 | 0 |
_tAmerican sociological review _gvol. 72, no. 4 (Aug. 2007){10706 R. 068915}; p. 562-584 _w(ES-MaCES)25707 _969355 |
|
| 902 | _aART Artículo de revista | ||
| 942 |
_2CES _cAR _h2.0. |
||
| 999 |
_c38504 _d38504 |
||